000 01595cam a22004094i 4500
003 PE-LiUPU
005 20250731175644.0
008 150616s r 000 0 d
035 _a(Sirsi) a6751
040 _aPE-LiUPU
_bspa
_cPE-LiUPU
_erda
049 _aPRUA
082 0 4 _a492.415
_bQ48
_221
100 1 _aQimron, Elisha,
_eautor.
245 1 4 _aThe Hebrew of the Dead Sea Scrolls /
_cElisha Qimron.
264 1 _aAtlanta, Georgia :
_bScholars Press,
_c1986.
300 _a138 páginas ;
_c22 cm.
336 _atext
_2rdacontent
337 _aunmediated
_2rdamedia
338 _avolume
_2rdacarrier
490 0 _aHarvard Semitic Studies ;
_v29
505 0 _a0.1 Introduction -- 100 Orthography -- 200 Phonology -- 300 Morphology -- 311 The Strong Verb -- 320 Personal Pronouns -- 330 The Noun -- 400 Syntax -- 500 Vocabulary -- 600 The Nature of DSS Hebrew. Hebrew.
526 _aP145
526 _aP127
526 _aP97
526 _aP35
526 _aP14
526 _aP07
650 0 4 _aRollos del Mar Muerto.
_94334
650 0 4 _aHebreo, después de la Biblia
_xGramática.
910 _ajck
_bjvq
_cjck
942 _2ddc
_cBOOK
949 _a492.415 Q48
_wDEWEY
_c1
_i40128
_lCCODEBUL1
_mBUL
_p00.00
_r0
_sY
_tBOOK
_u19951220
_xTEOLOGIA
_zUNKNOWN
_0COMPRA
_o.STAFF. Colección General
994 _aC0
_bPEPRU
596 _a1
999 _a492.415 Q48
_wDEWEY
_c57918
_i40128
_d57918
_f2021-11-5
_g5
_lCCODEBUL1
_mBUL
_q1
_r0
_sY
_tBOOK
_u2015-6-16
_xBIBLIOTECA
_zUNKNOWN
_0COMPRA
_o.STAFF. Colección General
980 _81
_gALBERTO SANCHEZ Responsable de Automatización